Normal view MARC view
  • IRA H. ABBOTT

Entry Personal Name

Number of records used in: 3

001 - CONTROL NUMBER

  • control field: 1518

003 - CONTROL NUMBER IDENTIFIER

  • control field: NUST

005 - DATE AND TIME OF LATEST TRANSACTION

  • control field: 20170529125216.0

008 - FIXED-LENGTH DATA ELEMENTS

  • fixed length control field: 170529|| aca||aabn | a|a d

040 ## - CATALOGING SOURCE

  • Original cataloging agency: NUST
  • Transcribing agency: NUST

100 ## - HEADING--PERSONAL NAME

  • Personal name: IRA H. ABBOTT

670 ## - SOURCE DATA FOUND

  • Source citation: Work cat.: (NUST)23268: IRA H. ABBOTT, THEORY OF WING SECTIONS, c1959
© 2023 Central Library, National University of Sciences and Technology. All Rights Reserved.